[Event "Hallstahammar op"]
[Site "Hallstahammar"]
[Date "2003.09.14"]
[Round "6"]
[White "Gustafsson, Fredrik"]
[Black "Wester, Fredrik"]
[Result "1-0"]
[WhiteElo "1822"]
[BlackElo "1546"]
[PlyCount "91"]
[EventDate "2003.09.12"]
[EventType "swiss"]
[EventRounds "7"]
[EventCountry "SWE"]
[SourceTitle "CBM 096 Extra"]
[Source "ChessBase"]
[SourceDate "2003.10.22"]
[SourceVersion "2"]
[SourceVersionDate "2003.10.20"]
[SourceQuality "1"]

1. d4 g6 2. c4 Bg7 3. Nc3 d6 4. e4 Nd7 5. Be3 e5 6. Nge2 Ngf6 7. f3 0-0 8. d5 Re8 9. Qd2 Bf8 10. g4 Nb6 11. Ng3 c6 12. h4 cxd5 13. cxd5 Qc7 14. h5 Nc4 15. Bxc4 Qxc4 16. hxg6 fxg6 17. b3 Qc7 18. Rc1 Re7 19. Nb5 Qd8 20. Qb4 a6 21. Na3 b5 22. Rh2 Rf7 23. Nb1 Bxg4 24. fxg4 Nxg4 25. Qd2 Rf3 26. Nf1 Nxh2 27. Qxh2 Qf6 28. Nbd2 Rxe3+ 29. Nxe3 h5 30. Qh3 Bh6 31. Ke2 a5 32. Rc8+ Rxc8 33. Qxc8+ Qf8 34. Qxf8+ Kxf8 35. Ndf1 Ke7 36. a4 bxa4 37. bxa4 Kd7 38. Nc4 Bg5 39. Nxa5 Bd8 40. Nc6 Bc7 41. a5 Bxa5 42. Nxa5 g5 43. Kf3 Ke7 44. Ng3 g4+ 45. Kg2 Kf6 46. Nxh5+ 1-0